000 00539nam a22001932 4500
001 0000001488
005 20170406113457.0
008 140114s xx 000 0 eng d
020 _c$
040 _aYour Holding Symbol
_cYour Holding Symbol
100 1 _aEllenberger.Fred.DR.
245 1 0 _aHistory of the basuto :
_bancien and modern.
250 _a ed.
260 _anew york :
_bNegro universities press,
_c1912.
300 _a393 p. ;
_c cm.
504 _aindex.
650 0 _aafrican history.
908 _a140114
999 _c1401
_d1401